00698nam a2200229 a 4500001001300000003000900013005001700022008004100039020002300080082001700103100002600120245003800146260004200184300000900226500003500235505001000270650002300280902000800303942000700311952013300318999001700451nice12345678IN_TiNIC20260116013611.0050524s1994 dela grp 000 0 eng  a8170247 c20000a181.07bKHA4 aKhan, Mohammad Sharif aMuslim Philosophy and Philosopers aDelhibAshish Publishing House c1994 a130p aincludes index and biblioraphy2 aIndex aPhilosophy-Islamic bSRS cBK 001040708StackRoom-aHMIbHMId2012-04-20g200.00l8m1o181.07 KHA4p015367r2020-02-26s2020-02-18v200.00w2005-05-24yBK c11618d11618